Indicators of industry and services

Saved in:
Bibliographic Details
Format: Book
Language:English
French
Published: Paris OECD 2001
Series:Statistics
Subjects:
Tags: Add Tag
No Tags, Be the first to tag this record!

MARC

LEADER 00000nam a2200000 4500
001 c127697
005 20240104114819.1
020 |a 92-64-09104-1 
022 |a 1609-8714 
041 0 |a eng 
041 0 |a fre 
044 |a FR 
245 1 0 |a Indicators of industry and services 
264 1 |a Paris  |b OECD  |c 2001 
300 |a 217 s. 
490 1 |a Statistics 
830 0 |a Statistics 
610 2 0 |a priemysel 
610 2 0 |a služby 
610 2 0 |a porovnanie medzinárodné 
610 2 0 |a tabuľky štatistické 
610 2 0 |a porovnanie štatistické 
610 2 0 |a ukazovatele štatistické 
610 2 0 |a svet 
610 2 0 |a OECD 
610 2 0 |a 2001